| 000 | 00662nam a2200241Ia 4500 | ||
|---|---|---|---|
| 008 | 180523s9999 xx 000 0 und d | ||
| 020 | _a0-07-241063-9 | ||
| 050 | _aMAIN HF 5415 | ||
| 050 | _b.D89 2002 | ||
| 100 | _aDwyer, F. Robert. | ||
| 245 | 0 | _aBusiness marketing : | |
| 245 | 0 | _bconnecting strategy, relationship and learning / | |
| 245 | 0 | _cF. Robert Dwyer, John F. Tanner, Jr. | |
| 250 | _a2nd Edition | ||
| 260 | _aNew York : | ||
| 260 | _bMcGraw-Hill, | ||
| 260 | _c2002 | ||
| 300 | _a704 pages : | ||
| 300 | _billustrations ; | ||
| 300 | _c25 cm. | ||
| 500 | _aIncludes bibliographical references and index. | ||
| 650 | _aMarketing. | ||
| 999 |
_c357038 _d357038 |
||